<?xml version="1.0" encoding="UTF-8"?>
<marc:record xmlns:marc="http://www.loc.gov/MARC21/slim">
   <marc:leader>00000nam a2200000 a 4500</marc:leader>
   <marc:datafield ind1="1" ind2=" " tag="100">
      <marc:subfield code="a">Scott Thomas, Christin</marc:subfield>
      <marc:subfield code="4">aut</marc:subfield>
      <marc:subfield code="e">Verfasser/-in</marc:subfield>
   </marc:datafield>
   <marc:datafield ind1=" " ind2=" " tag="653">
      <marc:subfield code="a">Komödie</marc:subfield>
   </marc:datafield>
   <marc:datafield ind1="0" ind2="0" tag="245">
      <marc:subfield code="a">Mrs. Taylor`s SSinging Club</marc:subfield>
   </marc:datafield>
   <marc:datafield ind1="0" ind2="0" tag="245">
      <marc:subfield code="c">Scott Thomas, Christin</marc:subfield>
   </marc:datafield>
   <marc:datafield ind1=" " ind2="1" tag="264">
      <marc:subfield code="b">LEONINE</marc:subfield>
      <marc:subfield code="c">2021</marc:subfield>
   </marc:datafield>
   <marc:datafield ind1="1" ind2=" " tag="520">
      <marc:subfield code="a">Im Mittelpunkt der britischen Feelgood-Komödie voller Pop-Evergreens zum Mitsingen steht die wunderbare, Oscar®-nominierte Hauptdarstellerin Kristin Scott Thomas.&#xD;
&#xD;
Kate Taylor (Kristin Scott Thomas) ist eine scheinbar perfekte britische Offiziersgattin. Die Ungewissheit, die sie während des Auslandseinsatzes ihres Mannes empfindet, überspielt sie in der Öffentlichkeit mit einem strahlenden Lächeln. Eine Freizeitgruppe soll sie und die anderen Ehefrauen der Militärbasis auf andere Gedanken bringen, doch Teetrinken und Stricken sind so gar nicht nach Kates Geschmack. Warum nicht lieber einen Chor gründen? Die rebellische Lisa (Sharon Horgan), bisher tonangebend in der Gruppe, kann mit Kates Art und den amateurhaften Gesangsversuchen nicht viel anfangen. Mit der Zeit lässt sich aber auch Lisa von der Lebensfreude der Frauen anstecken – und so rauft sich das ungleiche Frauenduo zusammen und leitet den Chor gemeinsam. Und schon bald hat die bunte Truppe eine erste Gelegenheit, ihr Können unter Beweis zu stellen…</marc:subfield>
   </marc:datafield>
   <marc:datafield ind1=" " ind2=" " tag="041">
      <marc:subfield code="a">ger</marc:subfield>
   </marc:datafield>
   <marc:datafield ind1="1" ind2=" " tag="521">
      <marc:subfield code="a">FSK ab 6 freigegeben</marc:subfield>
   </marc:datafield>
   <marc:datafield ind1="1" ind2=" " tag="521">
      <marc:subfield code="a">6</marc:subfield>
   </marc:datafield>
   <marc:datafield ind1=" " ind2=" " tag="338">
      <marc:subfield code="a">Videodisk</marc:subfield>
   </marc:datafield>
   <marc:datafield ind1=" " ind2=" " tag="300">
      <marc:subfield code="a">108 M.</marc:subfield>
   </marc:datafield>
</marc:record>
